Le Grand Quiz des gentilés français - Statistiques

Statistiques générales
  • Ce quiz a été pris 14 fois
  • Le résultat moyen est 135 sur 388
Statistiques - réponses
Commune Gentilé % Correct
Angers Angevin
100%
Ajaccio Ajaccien
80%
Alençon Alençonnais
80%
Amiens Amiénois
80%
Arcachon Arcachonnais
80%
Auxerre Auxerrois
80%
Aix-en-Provence Aixois
70%
Alès Alésien
70%
Antibes Antibois
70%
Aubusson Aubussonnais
70%
Aurillac Aurillacois
70%
Avignon Avignonnais
70%
Bayonne Bayonnais
70%
Bordeaux Bordelais
70%
Caen Caennais
70%
Cannes Cannois
70%
Castres Castrais
70%
La Châtre Castrais
70%
Grenoble Grenoblois
70%
Laval Lavallois
70%
Metz Messin
70%
Nîmes Nîmois
70%
Agen Agenais
60%
Albertville Albertvillois
60%
Albi Albigeois
60%
Annecy Annecien
60%
Arles Arlésien
60%
Autun Autunois
60%
Avallon Avallonais
60%
Bastia Bastiais
60%
Belfort Belfortain
60%
Bergerac Bergeracois
60%
Boulogne-Billancourt Boulonnais
60%
Boulogne-sur-Mer Boulonnais
60%
Brest Brestois
60%
Saint-Brieuc Briochin
60%
Calais Calaisien
60%
Carcassonne Carcassonnais
60%
Castellane Castellanais
60%
Châteauroux Castelroussin
60%
Cayenne Cayennais
60%
Dijon Dijonnais
60%
Dole Dolois
60%
Dunkerque Dunkerquois
60%
Guingamp Guingampais
60%
Le Havre Havrais
60%
Lens Lensois
60%
Lille Lillois
60%
Lorient Lorientais
60%
Lyon Lyonnais
60%
Marseille Marseillais
60%
Montpellier Montpelliérain
60%
Nantes Nantais
60%
Narbonne Narbonnais
60%
Nice Niçois
60%
Niort Niortais
60%
Orléans Orléanais
60%
Paris Parisien
60%
Perpignan Perpignanais
60%
Quimper Quimpérois
60%
Reims Rémois
60%
Rennes Rennais
60%
Roanne Roannais
60%
Rochefort Rochefortais
60%
La Rochelle Rochelais
60%
Rouen Rouennais
60%
Sedan Sedanais
60%
Soissons Soissonnais
60%
Strasbourg Strasbourgeois
60%
Toulon Toulonnais
60%
Toulouse Toulousain
60%
Troyes Troyen
60%
Vannes Vannetais
60%
Vienne Viennois
60%
Vierzon Vierzonnais
60%
Villeurbanne Villeurbannais
60%
Abbeville Abbevillois
50%
Altkirch Altkirchois
50%
Ambert Ambertois
50%
Angoulême Angoumoisin
50%
Apt Aptois
50%
Asnières-sur-Seine Asniérois
50%
Avesnes-sur-Helpe Avesnois
50%
Basse-Terre Basseterrien
50%
Beauvais Beauvaisien
50%
Brignoles Brignolais
50%
Brive-la-Gaillarde Briviste
50%
Carpentras Carpentrassien
50%
Châteaubriant Castelbriantais
50%
Châlons-en-Champagne Châlonnais
50%
Chalon-sur-Saône Chalonnais
50%
Chaumont Chaumontais
50%
Clermont Clermontois
50%
Clermont-Ferrand Clermontois
50%
Cognac Cognaçais
50%
Condom Condomois
50%
Dieppe Dieppois
50%
Figeac Figeacois
50%
Gourdon Gourdonnais
50%
Grasse Grassois
50%
Guéret Guérétois
50%
Lannion Lannionnais
50%
Libourne Libournais
50%
Limoges Limougeaud
50%
Loches Lochois
50%
Mâcon Mâconnais
50%
Marmande Marmandais
50%
Mauriac Mauriacois
50%
Mende Mendois
50%
Mirande Mirandais
50%
Moulins Moulinois
50%
Nancy Nancéen
50%
Pau Palois
50%
Poitiers Poitevin
50%
Redon Redonnais
50%
Saumur Saumurois
50%
Sevran Sevranais
50%
Saint-Étienne Stéphanois
50%
Tarbes Tarbais
50%
Ussel Ussellois
50%
Verdun Verdunois
50%
Versailles Versaillais
50%
Antony Antonien
40%
Argelès-Gazost Argelésien
40%
Argentan Argentanais
40%
Argenteuil Argenteuillais
40%
Avranches Avranchais
40%
Bagnères-de-Bigorre Bagnérais
40%
Beaune Beaunois
40%
Béthune Béthunois
40%
Besançon Bisontin
40%
Briançon Briançonnais
40%
Cagnes-sur-Mer Cagnois
40%
Castelsarrasin Castelsarrasinois
40%
Chambéry Chambérien
40%
Charolles Charollais
40%
Cherbourg-en-Cotentin Cherbourgeois
40%
Cherbourg-Octeville Cherbourgeois-Octevillais
40%
Clamart Clamartois
40%
Colombes Colombien
40%
Cosne-Cours-sur-Loire Cosnois
40%
Digne-les-Bains Dignois
40%
Dinan Dinannais
40%
Douai Douaisien
40%
Drancy Drancéen
40%
Forbach Forbachois
40%
Fougères Fougerais
40%
Fréjus Fréjusien
40%
Hyères Hyérois
40%
Issoire Issoirien
40%
Langon Langonnais
40%
Langres Langrois
40%
Laon Laonnois
40%
Lodève Lodévois
40%
Louhans-Châteaurenaud Louhannais-Castelrenaudins
40%
Saint-Malo Malouin
40%
Le Mans Manceau
40%
Mantes-la-Jolie Mantais
40%
Mayenne Mayennais
40%
Melun Melunais
40%
Mérignac Mérignacais
40%
Montauban Montalbanais
40%
Montluçon Montluçonnais
40%
Mortagne-au-Perche Mortagnais
40%
Nérac Néracais
40%
Nogent-le-Rotrou Nogentais
40%
Nogent-sur-Marne Nogentais
40%
Nogent-sur-Seine Nogentais
40%
Nontron Nontronnais
40%
Oloron-Sainte-Marie Oloronais
40%
Palaiseau Palaisien
40%
Parthenay Parthenaisien
40%
Pessac Pessacais
40%
Riom Riomois
40%
Romorantin-Lanthenay Romorantinais
40%
Roubaix Roubaisien
40%
Saint-Pierre (Réunion) Saint-Pierrois
40%
Sarcelles Sarcellois
40%
Sarrebourg Sarrebourgeois
40%
Sartène Sartenais
40%
Saverne Savernois
40%
La Seyne-sur-Mer Seynois
40%
Épinal Spinalien
40%
Thann Thannois
40%
Thionville Thionvillois
40%
Toul Toulois
40%
Valenciennes Valenciennois
40%
Vendôme Vendômois
40%
Vichy Vichyssois
40%
Vire Virois
40%
Pamiers Appaméen
30%
Auch Auscitain
30%
Bar-sur-Aube Baralbin
30%
Bar-le-Duc Barisien
30%
Bonneville Bonnevillois
30%
Bourg-en-Bresse Burgien
30%
Cahors Cadurcien
30%
Calvi Calvais
30%
Cambrai Cambrésien
30%
Charleville-Mézières Carolomacérien
30%
Château-Chinon Château-Chinonais
30%
Châteaulin Châteaulinois
30%
Chelles Chellois
30%
Chinon Chinonais
30%
Cholet Choletais
30%
Colmar Colmarien
30%
Commercy Commercien
30%
Compiègne Compiégnois
30%
Coutances Coutançais
30%
Créteil Cristolien
30%
Dax Dacquois
30%
Die Diois
30%
Saint-Denis Dionysien
30%
Étampes Étampois
30%
Fontenay-le-Comte Fontenaisien
30%
Gap Gapençais
30%
Gex Gexois
30%
Jonzac Jonzacais
30%
Millau Millavois
30%
Montbrison Montbrisonnais
30%
Montmorillon Montmorillonnais
30%
Mont-de-Marsan Montois
30%
Morlaix Morlaisien
30%
Nanterre Nanterrien
30%
Nevers Nivernais
30%
Nyons Nyonsais
30%
Pantin Pantinois
30%
Péronne Péronnais
30%
Pontoise Pontoisien
30%
Prades Pradéen
30%
Provins Provinois
30%
Rethel Rethélois
30%
Rochechouart Rochechouartais
30%
Les Sables-d’Olonne Sablais
30%
Saintes Saintais
30%
Saint-Quentin Saint-Quentinois
30%
Sarlat-la-Canéda Sarladais
30%
Sarreguemines Sarregueminois
30%
Sartrouville Sartrouvillois
30%
Senlis Senlisien
30%
Le Tampon Tamponnais
30%
Tours Tourangeau
30%
Tulle Tulliste
30%
Vervins Vervinois
30%
Le Vigan Viganais
30%
Villefranche-de-Rouergue Villefranchois
30%
Villejuif Villejuifois
30%
Villeneuve-d'Ascq Villeneuvois
30%
Villeneuve-sur-Lot Villeneuvois
30%
Yssingeaux Yssingelais
30%
Les Abymes Abymien
20%
Les Andelys Andelysien
20%
Arras Arrageois
20%
Aulnay-sous-Bois Aulnaysien
20%
Bayeux Bajocasse
20%
Bobigny Balbynien
20%
Barcelonnette Barcelonnet
20%
Bellac Bellachon
20%
Saint-Benoît Bénédictin
20%
Béziers Biterrois
20%
Blaye Blayais
20%
Blois Blésois
20%
Bressuire Bressuirais
20%
Briey Briotin
20%
Brioude Brivadois
20%
Champigny-sur-Marne Campinois
20%
Château-Thierry Castelthéodoricien
20%
Château-Gontier Castrogontérien
20%
Céret Cérétan
20%
Cergy Cergyssois
20%
Chartres Chartrain
20%
Corte Cortenais
20%
Courbevoie Courbevoisien
20%
Châteaudun Dunois
20%
La Flèche Fléchois
20%
Florac-Trois-Rivières Floracois
20%
Forcalquier Forcalquiéren
20%
Fort-de-France Foyalais
20%
Ivry-sur-Seine Ivryen
20%
Largentière Largentiérois
20%
Levallois-Perret Levalloisien
20%
Lisieux Lexovien
20%
L'Haÿ-les-Roses L'Haÿssien
20%
Limoux Limouxin
20%
Lunéville Lunévillois
20%
Mamoudzou Mamoudzois
20%
Le Marin Marinois
20%
Massy Massicois
20%
Meaux Meldois
20%
Montbard Montbardois
20%
Montbéliard Montbéliardais
20%
Montreuil Montreuillois
20%
Montreuil-sur-Mer Montreuillois
20%
Mulhouse Mulhousien
20%
Muret Muretain
20%
Neufchâteau Néocastrien
20%
Neuilly-sur-Seine Neuilléen
20%
Noisy-le-Grand Noiséen
20%
Nouméa Nouméen
20%
Périgueux Pétrocorien
20%
Le Puy-en-Velay Ponot
20%
Privas Privadois
20%
Rueil-Malmaison Rueillois
20%
Rodez Ruthénois
20%
Saint-Amand-Montrond Saint-Amandois
20%
Saint-Gaudens Saint-Gaudinois
20%
Saint-Maur-des-Fossés Saint-Maurien
20%
Saint-Paul Saint-Paulois
20%
Saint-Claude Sanclaudien
20%
Sens Sénonais
20%
Épinay-sur-Seine Spinassien
20%
Thonon-les-Bains Thononais
20%
Torcy Torcéen
20%
Tournon-sur-Rhône Tournonais
20%
La Trinité Trinitéen
20%
Valence Valentinois
20%
Vénissieux Vénissian
20%
Vesoul Vésulien
20%
Belley Belleysan
10%
Fontainebleau Bellifontain
10%
Bourges Berruyer
10%
Le Blanc-Mesnil Blanc-Mesnilois
10%
Le Blanc Blancois
10%
Bondy Bondynois
10%
Saint-Dizier Bragard
10%
Châtellerault Châtelleraudais
10%
Clichy Clichois
10%
Confolens Confolentais
10%
Corbeil-Essonnes Corbeil-Essonnois
10%
Saint-Dié-des-Vosges Déodatien
10%
Dreux Drouais
10%
Évreux Ébroïcien
10%
Évry-Courcouronnes Évry-Courcouronnais
10%
Évry Évryen
10%
Foix Fixéen
10%
Fontenay-sous-Bois Fontenaysien
10%
Gennevilliers Gennevillois
10%
Haguenau Haguenovien
10%
Issy-les-Moulineaux Isséen
10%
Issoudun Issoldunois
10%
Lons-le-Saunier Lédonien
10%
Lesparre-Médoc Lesparrain
10%
Maisons-Alfort Maisonnais
10%
Mamers Mamertin
10%
Sainte-Ménehould Ménéhildien
10%
Montdidier Montdidiérien
10%
Nantua Nantuatien
10%
Saint-Pierre (Martinique) Pierrotin
10%
Pointe-à-Pitre Pointois
10%
Pontivy Pontivyen
10%
Le Raincy Raincéen
10%
Rambouillet Rambolitain
10%
Saint-Germain-en-Laye Saint-Germanois
10%
Saint-Girons Saint-Gironnais
10%
Saint-Jean-de-Maurienne Saint-Jeannais
10%
Saint-Julien-en-Genevois Saint-Juliennois
10%
Saint-Laurent-du-Maroni Saint-Laurentin / Saint-Laurentais
10%
Saint-Lô Saint-Lois
10%
Saint-Louis Saint-Louisien
10%
Saint-Nazaire Saint-Nazairien
10%
Saint-Flour Sanflorain
10%
Segré-en-Anjou Bleu Segréen
10%
La Tour-du-Pin Turripinois
10%
La Roche-sur-Yon Yonnais
10%
Aubervilliers Albertivillarien
0%
Saint-Jean-d’Angély Angérien
0%
Saint-Omer Audomarois
0%
Saint-Ouen-sur-Seine Audonien
0%
Bernay Bernayen
0%
Villefranche-sur-Saône Caladois
0%
Clamecy Clamecycois
0%
Draguignan Dracénois
0%
Saint-Herblain Herblinois
0%
Istres Istréen
0%
Lure Luron
0%
Molsheim Molsheimois
0%
Montargis Montargois
0%
Pithiviers Pithivérien
0%
Pontarlier Pontissalien
0%
Saint-André Saint-Andréen
0%
Sélestat Sélestadien
0%
Épernay Sparnacien
0%
Thiers Thiernois
0%
Tourcoing Tourquennois
0%
Vaulx-en-Velin Vaudais
0%
Vitry-sur-Seine Vitriot
0%
Vitry-le-François Vitryat
0%
Vouziers Vouzinois
0%
Aucun quiz correspondant
Distribution des résultats
% des personnes avec chaque résultat
Percentile par nombre de réponses
Votre historique - résultats
Vous n’avez pas pris ce quiz